| 000 | 00796nam a2200301Ia 4500 | ||
|---|---|---|---|
| 001 | 63115 | ||
| 003 | IT-RoPAU | ||
| 008 | 130308s9999 xx 000 0 und d | ||
| 040 | _aIT-RoPAU | ||
| 040 | _cIT-RoPAU | ||
| 041 | _aITALIANO | ||
| 100 | _aVerri Pietro | ||
| 100 | _gCodice Aut. SPICS: 22434 | ||
| 245 | _aMusica eccitatrice delle passioni (La) | ||
| 245 | _bMusica e Cultura nel Settecento Europeo | ||
| 250 | _a1a ed. | ||
| 260 | _aTORINO | ||
| 260 | _bEDT | ||
| 260 | _c1986 [1° Ed.:1986 - Ed.Ling.Originale:1818] | ||
| 300 | _a"7 p. (prefazione: no ; testo: 7 [pagine: 287-293])" | ||
| 500 | _aSensismo e correnti Empiristiche | ||
| 650 | _aSAGGI MUSICALI | ||
| 650 | _eCodice materia Spics: 7011 | ||
| 942 | _cBK | ||
| 957 | _71 | ||
| 999 |
_c60148 _d60148 |
||
| 999 | _bSI | ||
| 999 | _g1 | ||